Economics of natural resources and the environment / (Registro nro. 4302)

Detalles MARC
000 -CABECERA
Campo de control 01025nam a2200289 a 4500
005 - FECHA Y HORA DE LA ULTIMA TRANSACCION
Campo de control 20191224041732.0
008 - ELEMENTOS DE LONGITUD FIJA—INFORMACION GENERAL
Campo de control 900402s1990 nyua b 001 0 eng c
020 ## - ISBN
ISBN 0745002021 (Gt. Brit.)
020 ## - ISBN
ISBN 0745002250 (pbk.) (Gt. Brit.)
040 ## - FUENTE DE CATALOGACIÓN
Agencia catalogadora original MH
Agencia transcriptora MH
Agencia Modificadora CO-BoIAVH
041 0# - IDIOMA
Código de idioma para texto/pista de sonido o título separado Inglés
044 ## - PAÍS DE PUBLICACIÓN
País de publicación Estados Unidos
082 04 - NUMERO DE CLASIFICACION DECIMAL DEWEY
Número de clasificación 304.2
Número del ítem P35e
100 1# - ASIENTO PRINCIPAL--NOMBRE PERSONAL
Nombre personal Pearce, David W.
9 (RLIN) 21769
245 10 - MENCION DE TITULO
Título Economics of natural resources and the environment /
Mención de responsabilidad David W. Pearce and R. Kerry Turner.
260 ## - PUBLICACION, DISTRIBUCION, ETC. (PIE DE IMPRENTA)
Lugar de publicación, distribución, etc. New York :
Nombre del editor, distribuidor, etc. Harvester Wheatsheaf,
Fecha de publicación, distribución, etc. c1990.
300 ## - DESCRIPCION FISICA
Extensión xiii, 378 páginas :
Otros detalles físicos Ilustraciones ;
Dimensiones 24 x 15 cm.
504 ## - NOTA DE BIBLIOGRAFIA, ETC.
Nota de bibliografía Incluye referencias bibliográficas (páginas [361]-373) e índice.
650 #0 - ASIENTO SECUNDARIO DE MATERIA - TERMINO TEMATICO
Término temático o nombre geográfico como elemento de entrada Environmental policy.
9 (RLIN) 59057
650 #0 - ASIENTO SECUNDARIO DE MATERIA - TERMINO TEMATICO
Término temático o nombre geográfico como elemento de entrada Pollution
Subdivisión general Economic aspects.
9 (RLIN) 59058
650 #0 - ASIENTO SECUNDARIO DE MATERIA - TERMINO TEMATICO
Término temático o nombre geográfico como elemento de entrada Natural resources.
9 (RLIN) 59059
650 16 - ASIENTO SECUNDARIO DE MATERIA - TERMINO TEMATICO
Término temático o nombre geográfico como elemento de entrada Política ambiental
9 (RLIN) 92286
650 24 - ASIENTO SECUNDARIO DE MATERIA - TERMINO TEMATICO
Término temático o nombre geográfico como elemento de entrada Polución
Subdivisión general Aspectos económicos
9 (RLIN) 59061
650 24 - ASIENTO SECUNDARIO DE MATERIA - TERMINO TEMATICO
Término temático o nombre geográfico como elemento de entrada Recursos naturales
9 (RLIN) 59062
700 1# - ASIENTO SECUNDARIO - NOMBRE PERSONAL
Nombre personal Turner, R. Kerry.
9 (RLIN) 17300
942 ## - ELEMENTOS ADICIONALES (KOHA)
Sistema de clasificación Dewey Decimal Classification
Tipo de ítem Libro
Existencias
Withdrawn status Lost status Sistema de Clasificación Damaged status No para préstamo Colección Inventariado Ubicación Permanente Ubicación actual Fecha de adquisición Fuente de Valor Valor Total Checkouts Número topográfico Inventario / Código de Barras Date last seen Ejemplar Price effective from Forma de adquisición Tipo de material
    Dewey Decimal Classification     General Inventariado 2017 Bogotá Bogotá 24/01/2005 Instituto 39000.00   LB-304.2 P35e 017035 17/04/2013 Ej. 1 04/12/2012   Libro